Erfolgreichste PlayStation-Spiele nach Hauptschurken - Statistiken

Allgemein
  • Dieses Quiz wurde 19 mal gespielt
  • Das Durchschnittsergebnis liegt bei 7 aus 16
Antwortstatistiken
Bildquiz Antwort % Korrekt
Harry Potter und der Stein der Weisen
94%
Resident Evil
88%
Tekken 2
69%
Final Fantasy VII
63%
Crash Bandicoot 2: Cortex schlägt zurück / Crash Bandicoot: Warped / Crash Bandicoot
56%
Metal Gear Solid
56%
Resident Evil 2
50%
Final Fantasy VIII
44%
Tomb Raider
44%
Final Fantasy IX
31%
Spyro the Dragon
31%
Tekken 3
25%
Dragon Quest VII
13%
Tomb Raider II
13%
Tomb Raider III
13%
Tomb Raider: The Last Revelation
6%
Keine übereinstimmenden Quizze gefunden
Verteilung der Resultate
Anzahl Personen mit jedem Resultat
Perzentil nach korrekt beantworteten Fragen
Ihre Resultats-Entwicklung
Sie haben dieses Quiz noch nicht gespielt